A.D.H.D Lyrics- Kendrick Lamar - Statistics

General Stats
  • This quiz has been taken 196 times
  • The average score is 230 of 499
Answer Stats
Hint Answer % Correct
A
91%
I
87%
The
87%
Fuck
81%
Do
80%
That
80%
You
78%
To
76%
In
71%
Face
70%
Got
69%
Eight
68%
An
65%
When
65%
Bottles
64%
ADHD
63%
Dont
63%
Twelve
63%
Two
63%
Your
63%
And
60%
Doobies
60%
She
60%
We
60%
Exist
59%
High
59%
Case
58%
Tolerance
58%
Age
56%
Like
55%
Who
55%
My
53%
Pills
53%
Then
53%
Me
52%
x2 Are
51%
Half
51%
He
51%
On
51%
It
49%
No
45%
At
44%
Of
44%
Up
44%
Baby
42%
Im
42%
Is
42%
Why
42%
Where
41%
80
39%
Crack
38%
Man
38%
Feel
37%
Look
37%
Some
37%
One
36%
Start
36%
x8 Whoa
36%
23
35%
All
35%
Babies
35%
Can
35%
Her
35%
How
35%
Oh
35%
Say
35%
Shit
35%
Water
35%
22
34%
Drink
34%
Feeling
34%
Know
34%
x2 Loner
34%
Off
34%
Part
34%
x2 Stronger
34%
Swear
34%
Trippin
34%
Marijuana
33%
Said
33%
Section
33%
x2 Started
33%
Cold
32%
Make
32%
House
31%
Take
31%
Its
30%
Ok
30%
Tell
30%
This
30%
Again
29%
Cause
29%
End
29%
Just
29%
Party
29%
Syrup
29%
With
29%
Him
28%
Old
28%
Order
28%
Sippin
28%
Away
27%
Cough
27%
From
27%
Give
27%
Never
27%
Pain
27%
Apartment
26%
Back
26%
Damn
26%
For
26%
Get
26%
Light
26%
Relate
26%
Someone
26%
Generation
25%
Pick
25%
Police
25%
See
25%
They
25%
Vicodin
25%
808
24%
Black
24%
Bring
24%
Close
24%
Crazy
24%
Else
24%
Hope
24%
Kitchen
24%
Pancakes
24%
Rap
24%
Today
24%
Too
24%
Later
23%
Relax
23%
Because
22%
Down
22%
Drank
22%
Hoes
22%
Imma
22%
Melody
22%
Playstation
22%
President
22%
Set
22%
World
22%
Around
21%
Beg
21%
Thats
21%
Big
20%
Bout
20%
Gives
20%
Pardon
20%
Blinds
19%
Comes
19%
Daily
19%
Endorphins
19%
Herself
19%
Looking
19%
Our
19%
Shut
19%
Stood
19%
Superstition
19%
Technology
19%
Wait
19%
Neighbors
18%
Open
18%
Turn
18%
But
17%
Head
17%
Listen
17%
Now
17%
Probably
17%
Soul
17%
Straight
17%
Born
16%
Caught
16%
Dro
16%
Lights
16%
Reside
16%
Between
15%
Have
15%
Might
15%
Crowd
14%
Enough
14%
Jumbotron
14%
Label
14%
Lines
14%
Looked
14%
Product
14%
Unless
14%
Us
14%
80s
13%
Kush
13%
Purple
13%
Screen
13%
Understood
13%
Body
12%
Drown
12%
Lives
12%
Made
12%
New
12%
Nothing
12%
Bumping
11%
Fact
11%
Relatives
11%
Grabbed
10%
Read
10%
Relevant
10%
Area
9%
Bay
9%
Cup
9%
Dream
9%
Rebels
9%
Yep
9%
Closed
8%
Double
8%
Ill
8%
Six
8%
Whatever
8%
Both
7%
Four
7%
Mix
7%
Somebody
7%
Sprite
7%
Blue
6%
Ecstasy
6%
Pound
6%
Shrooms
6%
Walked
6%
Wonder
6%
Really
5%
Shine
5%
Dap
4%
Deep
4%
Blow
1%
Deuce
1%
Flow
1%
Move
1%
No matching quizzes found
Score Distribution
Percent of People with Each Score
Percentile by Number Answered
Your Score History
You have not taken this quiz